LEADER 01465nam0 22003613i 450 001 SBL0430650 005 20251003044354.0 020 $aIT$b7210298 100 $a20130827d1972 ||||0itac50 ba 101 | $aita 102 $ait 181 1$6z01$ai $bxxxe 182 1$6z01$an 183 1$6z01$anc$2RDAcarrier 200 1 $aˆLe ‰imposte della riforma 205 $aed fuori commercio 210 $a[Roma]$cBanco di Roma$d1972 215 $aXLI, 206 p., [8] c. di tav.$d23 cm 225 | $aCollana tributaria$v1 300 $aInclude appendice legislativa. 410 0$1001CFI0009674$12001 $aCollana tributaria$v1 606 $aTributi$xLegislazione$xItalia$2FIR$3CFIC165190$9E 676 $a336$9FINANZA PUBBLICA$v21 676 $a336.200945$9TASSE E TASSAZIONE. Italia$v23 676 $a343.4504$9DIRITTO TRIBUTARIO. ITALIA$v19 801 3$aIT$bIT-000000$c20130827 850 $aIT-BN0095 901 $bNAP 01$cPOZZO LIB.$nVi sono collocati fondi di economia, periodici di ingegneria e scienze, periodici di economia e statistica e altri fondi comprendenti documenti di economia pervenuti in dono. 912 $aSBL0430650 950 0$aBiblioteca Centralizzata di Ateneo$c1 v.$d 01POZZO LIB.F. PARRAVICINI 399$e 0101 0600162915E VMA 1 v. (Precedente collocazione P 435)$fB $h20221026$i20221026 977 $a 01 996 $aImposte della riforma$91032501 997 $aUNISANNIO